Scary stories : (Record no. 336147)
[ view plain ]
| 000 -LEADER | |
|---|---|
| fixed length control field | 00455nam a2200181Ia 4500 |
| 008 - FIXED-LENGTH DATA ELEMENTS--GENERAL INFORMATION | |
| fixed length control field | 170705s9999 xx 000 0 und d |
| 020 ## - INTERNATIONAL STANDARD BOOK NUMBER | |
| International Standard Book Number | 9780590431972 |
| 245 ## - TITLE STATEMENT | |
| Title | Scary stories : |
| 245 ## - TITLE STATEMENT | |
| Remainder of title | to tell in the dark / |
| 245 ## - TITLE STATEMENT | |
| Statement of responsibility, etc | Alvin Schwartz ; drawings by Stephen Gammell. |
| 260 ## - PUBLICATION, DISTRIBUTION, ETC. (IMPRINT) | |
| Place of publication, distribution, etc | New York : |
| 260 ## - PUBLICATION, DISTRIBUTION, ETC. (IMPRINT) | |
| Name of publisher, distributor, etc | Scholastic, |
| 260 ## - PUBLICATION, DISTRIBUTION, ETC. (IMPRINT) | |
| Date of publication, distribution, etc | 1981 |
| 300 ## - PHYSICAL DESCRIPTION | |
| Extent | 111 pages : |
| 300 ## - PHYSICAL DESCRIPTION | |
| Other physical details | color illustration ; |
| 300 ## - PHYSICAL DESCRIPTION | |
| Dimensions | 19cm. |
| 500 ## - GENERAL NOTE | |
| General note | 640 |
No items available.